000 00409nam a2200121Ia 4500
008 220216s9999 xx 000 0 und d
100 _aRajammal G
245 0 _aPreparation and properties of deproteinised natural rubber produced using indigenous enzymatic formulations
260 _bIRMRA Tenth Rubber Conference, Ahmedabad, 1978
_c1978
650 _aSpeciality rubbers
700 _aThomas E V
942 _cJS
999 _c65561
_d65561